000
00338nam a22001577a 4500
003
SGT
020
_a
9789386896452
082
_a
615
_b
P20M
100
_a
MASIH, SHABNAM
245
_a
PHARMACOLOGY FOR NURSES
250
_a
5TH
260
_a
INDIA
_b
LOTUS PUB
_c
2020
300
_a
336
650
_a
PHARMACOLOGY
942
_2
ddc
_c
BK
_0
177
999
_c
21954
_d
21954